000 00668nam a22001937a 4500
003 OSt
005 20251120102622.0
008 251120b |||||||| |||| 00| 0 eng d
020 _a978-971-0391-60-8.
040 _aDWCL-Admin lib
_cOC
082 _aFIl. 020 C737 2011
100 _aBuenrostro, Juan C.
245 _aThe complete reviewer for librarians licensure examination volume five /
_cJuan C. Buenrostro
260 _aQuezon City :
_bGreat Books Pub. ,
_cc2011.
300 _axiv, 202 p. ;
_c23 cm.
650 _a1. Library education-Examinations,questions, etc.
650 _a2. Library science-Examinations,questions,etc.
942 _2ddc
_cBK - FIL
_kFil.
_n0
999 _c5854
_d5854